<?xml version="1.0" encoding="UTF-8"?>
<record
    xmlns:xsi="http://www.w3.org/2001/XMLSchema-instance"
    xsi:schemaLocation="http://www.loc.gov/MARC21/slim http://www.loc.gov/standards/marcxml/schema/MARC21slim.xsd"
    xmlns="http://www.loc.gov/MARC21/slim">

  <leader>01857njm a2200337Ia 4500</leader>
  <controlfield tag="001">75869</controlfield>
  <controlfield tag="003">IT-RoPAU</controlfield>
  <controlfield tag="005">20220918181117.0</controlfield>
  <controlfield tag="008">131025s9999    xx            000 0 und d</controlfield>
  <datafield tag="040" ind1=" " ind2=" ">
    <subfield code="a">IT-RoPAU</subfield>
  </datafield>
  <datafield tag="040" ind1=" " ind2=" ">
    <subfield code="c">IT-RoPAU</subfield>
  </datafield>
  <datafield tag="041" ind1=" " ind2=" ">
    <subfield code="a">BRASILIANO</subfield>
  </datafield>
  <datafield tag="999" ind1=" " ind2=" ">
    <subfield code="c">99495</subfield>
    <subfield code="d">99495</subfield>
  </datafield>
  <datafield tag="999" ind1=" " ind2=" ">
    <subfield code="b">n.d.</subfield>
  </datafield>
  <datafield tag="100" ind1=" " ind2=" ">
    <subfield code="a">AA.VV.</subfield>
    <subfield code="9">794</subfield>
  </datafield>
  <datafield tag="100" ind1=" " ind2=" ">
    <subfield code="e">Autore musica</subfield>
    <subfield code="9">25415</subfield>
  </datafield>
  <datafield tag="100" ind1=" " ind2=" ">
    <subfield code="g">Codice autore musica SPICS: 12000</subfield>
    <subfield code="9">796</subfield>
  </datafield>
  <datafield tag="245" ind1=" " ind2=" ">
    <subfield code="a">Oracao que brota da vida</subfield>
  </datafield>
  <datafield tag="250" ind1=" " ind2=" ">
    <subfield code="a">1a ed.</subfield>
  </datafield>
  <datafield tag="260" ind1=" " ind2=" ">
    <subfield code="a">ROMA</subfield>
  </datafield>
  <datafield tag="260" ind1=" " ind2=" ">
    <subfield code="b">SPICS RECORDS</subfield>
    <subfield code="c">1989 [1a Ed.:1989 - Ed. Lingua Orig.: 1989]</subfield>
  </datafield>
  <datafield tag="300" ind1=" " ind2=" ">
    <subfield code="a">MUSICASSETTA</subfield>
  </datafield>
  <datafield tag="500" ind1=" " ind2=" ">
    <subfield code="a">Musica religiosa, liturgica</subfield>
  </datafield>
  <datafield tag="505" ind1=" " ind2=" ">
    <subfield code="a">Oracao que brota da vida - O Senhor e o meu pastor - Eu te exalto, Senhor - Senhor, me conheces como sou - Esse &#xE8; o nosso Deus - A recompensa - Batei palmas, povos todos! - Ausencia - Hoje &#xE8; festa . Meus Deus, como es grande! - E' feliz quem foi perdoado - O dia vem - Louvai o Senhor!</subfield>
  </datafield>
  <datafield tag="650" ind1=" " ind2=" ">
    <subfield code="a">LITURGICA [CASSETTE]</subfield>
    <subfield code="e">Codice MATERIA SPICS: 9951</subfield>
    <subfield code="9">25416</subfield>
  </datafield>
  <datafield tag="700" ind1=" " ind2=" ">
    <subfield code="a">Ricciardi L.M.</subfield>
    <subfield code="d">Codice autore musica SPICS: 2085</subfield>
    <subfield code="e">Autore musica</subfield>
    <subfield code="p">O Senhor e o meu pastor - Meus Deus, como es grande! - Louvai o Senhor!</subfield>
    <subfield code="9">25417</subfield>
  </datafield>
  <datafield tag="700" ind1=" " ind2=" ">
    <subfield code="a">Prado Almeida</subfield>
    <subfield code="d">Codice autore musica SPICS: 26935</subfield>
    <subfield code="e">Autore musica</subfield>
    <subfield code="p">Eu te exalto, Senhor - Hoje &#xE8; festa</subfield>
    <subfield code="9">25418</subfield>
  </datafield>
  <datafield tag="700" ind1=" " ind2=" ">
    <subfield code="a">Ursi Amalia</subfield>
    <subfield code="d">Codice autore testo/musica SPICS: 26943</subfield>
    <subfield code="e">Autore testo/musica</subfield>
    <subfield code="p">Eu te exalto, Senhor - Senhor, me conheces como sou - Esse &#xE8; o nosso Deus - Hoje &#xE8; festa - E' feliz quem foi perdoado</subfield>
    <subfield code="9">25419</subfield>
  </datafield>
  <datafield tag="700" ind1=" " ind2=" ">
    <subfield code="a">Farias Waldeci</subfield>
    <subfield code="d">Codice autore musica SPICS: 26936</subfield>
    <subfield code="e">Autore musica</subfield>
    <subfield code="p">Senhor, me conheces como sou - Esse &#xE8; o nosso Deus - E' feliz quem foi perdoado</subfield>
    <subfield code="9">25420</subfield>
  </datafield>
  <datafield tag="700" ind1=" " ind2=" ">
    <subfield code="a">Pelaquin Ronoaldo</subfield>
    <subfield code="d">Codice autore musica SPICS: 26934</subfield>
    <subfield code="e">Autore musica</subfield>
    <subfield code="p">A recompensa - Batei palmas, povos todos! - Ausencia - O dia vem</subfield>
    <subfield code="9">25421</subfield>
  </datafield>
  <datafield tag="942" ind1=" " ind2=" ">
    <subfield code="c">MC</subfield>
    <subfield code="2">ddc</subfield>
  </datafield>
  <datafield tag="952" ind1=" " ind2=" ">
    <subfield code="0">0</subfield>
    <subfield code="1">0</subfield>
    <subfield code="4">0</subfield>
    <subfield code="6">75869_000000000000000</subfield>
    <subfield code="7">1</subfield>
    <subfield code="a">SPICS</subfield>
    <subfield code="b">SPICS</subfield>
    <subfield code="d">2013-10-25</subfield>
    <subfield code="l">0</subfield>
    <subfield code="o">75869</subfield>
    <subfield code="r">2013-10-25 00:00:00</subfield>
    <subfield code="w">2013-10-25</subfield>
    <subfield code="y">MC</subfield>
    <subfield code="z">Progr. Ins.: 18252 / N.Vol.: 1 / Copie: 1 - Copia rara: n.d. / date import: 01.01.2014 - By Epidotti, Trombetti, Vaglietti</subfield>
  </datafield>
</record>
